000 006510000a22001930004500
999 _c53943
_d53943
001 768714001
003 CO-MdFUSB
005 20170809163446.0
008 170809s1998 xxu||||| |||| 00| 0 eng d
022 _a0098-9444
040 _aCO-MdFUSB
_bspa
_cCO-MdFUSB
_dCO-MdFUSB
041 _aeng
100 1 _aNa'aman, Nadav
_eautor
245 1 0 _aDavid's Jerusalem, fiction or reality? It is there :
_bancient texts prove it
300 _aVolumen 24. Número 4 (1998), Páginas 42-44
_c28 cm.
546 _aTexto en inglés
773 0 _tBiblical Archaeology Review
_049395
_959483
_gVolumen 24. Número 4 (1998), Páginas 42-44
_qPágina 42
942 _cANA